Test your English vocabulary in use ( Pre-intermediate and intermediate )

保存先:
書誌詳細
第一著者: Stuart Redman
フォーマット: 図書
言語:Undetermined
出版事項: Tp. HCM Nxb. Tp. HCM 2001
主題:
タグ: タグ追加
タグなし, このレコードへの初めてのタグを付けませんか!
Thư viện lưu trữ: Trung tâm Học liệu Trường Đại học Cần Thơ
LEADER 00561nam a2200169Ia 4500
001 CTU_43590
008 210402s9999 xx 000 0 und d
082 |a 428.24 
082 |b R318 
100 |a Stuart Redman 
245 0 |a Test your English vocabulary in use ( Pre-intermediate and intermediate ) 
245 0 |c Stuart Redman, Ruth Gairns 
260 |a Tp. HCM 
260 |b Nxb. Tp. HCM 
260 |c 2001 
650 |a english language - textbooks for foreign speakers,english language - vocabulary 
980 |a Trung tâm Học liệu Trường Đại học Cần Thơ